000 01309nam0a22002771 4500
001 rc\3825449
005 20120410182642.7
021 _aRU
_b76-ОКЭ-189/10
021 _aRU
_bРг12285-76
035 _a(NLR Aleph) 007273131
090 _a5430723
_c5430723
100 _a20120410d1976 |||y0rusy50 ca
101 0 _arus
102 _aRU
_aRU
105 _ay z |||||
200 1 _aМетодическое пособие по дополнительному чтению для заочников подготовительного курса II семестра
_fМ-во прос. УССР. Центр. респ. заоч.-стационарные курсы иностр. яз. Отд-ние англ. яз.
210 _aКиев
_cВища школа. Изд-во при Киев. гос. ун-те
_d1976
215 _a72 с.
_d20
300 _aНа обороте тит. л. сост.: Н.К. Чичиков
702 1 _aЧичиков
_bН. К.
_gНиколай Куприянович
_4220
710 0 2 _aУкраинские центральные респ. заочно-стационарные курсы иностранных языков
_cКиев
_3RU\NLR\AUTH\8810169393
801 0 _aRU
_bNLR
_gpsbo
801 1 _aRU
_bELAR
_2rusmarc
852 _aNLR
_j76-4/27621
942 _cBOOK
980 _aNB